LEADER 01204nam0 22002651i 450 001 UON00077595 005 20231205102417.311 100 $a20020107d1968 |0itac50 ba 101 $aeng 102 $aGB 105 $a||||e ||||| 200 1 $aVocabulary of the Haussa language$ePart I English and Haussa, Part II Haussa and English and phrases, and specimens of translations to which are prefixed the Grammatical Elements of the Haussa language$fby James Frederick Schon 210 $aLondon$cChurch Missionary Society$d1848 215 $av, 190 p.$d20 cm 606 $aLINGUA HAUSA$xDizionari inglesi$3UONC019824$2FI 620 $aGB$dLondon$3UONL003044 676 $a493.72321$cLINGUA HAUSA - Dizionari inglesi$v21 700 1$aSCHON$bJames Frederick$3UONV049026$0659554 712 $aChurch Missionary Society$3UONV257723$4650 801 $aIT$bSOL$c20240220$gRICA 899 $aSIBA - SISTEMA BIBLIOTECARIO DI ATENEO$2UONSI 912 $aUON00077595 950 $aSIBA - SISTEMA BIBLIOTECARIO DI ATENEO$dSI AOC LING AA-H a 018 $eSI AA 5461 5 018 996 $aVocabulary of the Haussa language$91299385 997 $aUNIOR LEADER 02006nam 22004813 450 001 9910158742303321 005 20231110213628.0 010 $a2-336-37606-7 035 $a(CKB)3810000000045743 035 $a(MiAaPQ)EBC6150859 035 $a(Au-PeEL)EBL6150859 035 $a(OCoLC)1148867241 035 $a(BIP)75563019 035 $a(EXLCZ)993810000000045743 100 $a20210901d2015 uy 0 101 0 $afre 135 $aurcnu|||||||| 181 $ctxt$2rdacontent 182 $cc$2rdamedia 183 $acr$2rdacarrier 200 10$aLangue, Espace et (re)composition Identitaire $eDans les Oeuvres de Mehdi Charef, Tony Gatlif et Farid Boudjellal 210 1$aParis :$cEditions L'Harmattan,$d2015. 210 4$dİ2015. 215 $a1 online resource (246 pages) 225 1 $aApproches Litte?raires 311 08$a2-343-05413-4 330 $aL'auteure s'inte?resse a? la proble?matique de la (re)construction identitaire a? travers une analyse critique de l'e?volution des oeuvres litte?raires et cine?matographiques beures de trois artistes d'origine franco-maghre?bine. Elle montre l'impact que ces artistes ont eu sur les productions culturelles canoniques franc?aises et francophones a? travers les anne?es, mettant en e?vidence l'ide?e que l'identite? franc?aise telle qu'on l'a connue au long des sie?cles a subi des transformations radicales. 410 0$aApproches Litte?raires 517 $aLangue, espace et 606 $aART / Film & Video$2bisacsh 606 $aCOMICS & GRAPHIC NOVELS / General$2bisacsh 606 $aLITERARY CRITICISM / General$2bisacsh 615 7$aART / Film & Video 615 7$aCOMICS & GRAPHIC NOVELS / General 615 7$aLITERARY CRITICISM / General 700 $aMielusel$b Ramona$01067696 801 0$bMiAaPQ 801 1$bMiAaPQ 801 2$bMiAaPQ 906 $aBOOK 912 $a9910158742303321 996 $aLangue, Espace et (re)composition Identitaire$92891805 997 $aUNINA